| 000 | 01828nam a2200301 i 4500 | ||
|---|---|---|---|
| 003 | DO-SdBNP | ||
| 005 | 20260220102927.0 | ||
| 007 | ta | ||
| 008 | 211125b2019 dr a|||| |||| 00| 0 spa d | ||
| 020 | _a9789945169621 | ||
| 040 |
_aDO-SdBNP _bspa _cBNPHU _erda |
||
| 041 | _aspa | ||
| 082 | 4 |
_axxx _bH565i _222 |
|
| 100 | 1 |
_aHerrera Moreno, Alejandro _99624 _4aut. _eautor |
|
| 245 | 1 | 0 |
_aLas ilustraciones de La edad de Oro de José Martí : _buna publicación especial por el 130 aniversario de la revista martiana a la niñez y la juventud de nuestra América / _cAlejandro Herrera Moreno, Gretel Herrera Durán. |
| 264 |
_aSanto Domingo, República Dominicana : _bFundación Cultural Enrique Loynaz, _c2019. |
||
| 300 |
_a62 páginas : _bilustraciones ; _c23 cm. |
||
| 336 |
_atexto _btxt _2rdacontent |
||
| 337 |
_asin mediación _bn _2rdamedia |
||
| 338 |
_avolumen _bnc _2rdacarrier |
||
| 500 | _a Incluye índice de ilustraciones. | ||
| 504 | _aBibliografía : páginas 57-60 | ||
| 505 | 0 | _aIntroducción -- La portada -- Número de julio -- Sumario de julio -- Tres héroes -- Meñique -- La Íliada, de Homero -- Un juego nuevo y otros viejos -- Bebé y el señor Don Pomposo -- Número de agosto -- Sumario de agosto -- La historia del hombre, contada por sus casas -- Nené traviesa -- Las ruinas indias -- Músicos, poetas y pintores -- Número de septiembre -- Sumario de septiembre -- La Exposición de París -- El padre Las Casas -- Los zapaticos de rosa -- Número de octubre -- Sumario de octubre -- Un paseo por la tierra de los anamitas -- Historia de la cuchara y el tenedor -- La muñeca negra -- La galería de las máquinas -- Valoraciones finales. | |
| 590 | _aInventariado, 2021 /LP | ||
| 700 | 1 |
_aHerrera Durán, Gretel _eautor _980735 _4aut. |
|
| 910 | _aLopérez. | ||
| 942 |
_2ddc _cLBS1 |
||
| 999 |
_c51040 _d51040 |
||